| 000 | 00392nam a2200169Ia 4500 | ||
|---|---|---|---|
| 008 | 230524s9999 xx 000 0 und d | ||
| 020 | _a9788120334007 | ||
| 082 |
_a4.2 _bWIL |
||
| 100 | _aEd Wilson | ||
| 245 | 0 | _aV B Script - Step by Step | |
| 250 | _a1ST | ||
| 260 |
_aNEW DELHI _bPHI _c2007 |
||
| 300 | _aXIV;509 | ||
| 500 | _aQuantity Number: 10 | ||
| 650 | _aComp-Sc | ||
| 942 | _cBK | ||
| 999 |
_c39593 _d39593 |
||